[Event "New York Winter Invitational GM-B 2022"]
[Site "New York"]
[Date "2022.01.17"]
[Round "8.3"]
[White "Mandizha, Farai"]
[Black "Martinez Alcantara, Jose Eduardo"]
[Result "0-1"]
[WhiteElo "2377"]
[BlackElo "2615"]
[Annotator "TA"]
[PlyCount "70"]
[EventDate "2022.01.11"]
[EventType "tourn"]
[EventCountry "USA"]

{[%evp 11,70,0,10,-1,-1,-2,-6,-19,4,-39,-41,-85,-94,-104,-88,-108,-96,-107,-27,-23,-27,-61,-64,-187,-182,-170,-154,-202,-189,-326,-326,-318,-247,-243,-217,-255,-221,-243,-215,-263,-219,-304,-306,-359,-372,-476,-425,-492,-493,-799,-795,-705,-695,-814,-807,-745,-744,-936,-798,-772,-742]} 1. d4 Nf6 2. c4 e6 3. Nf3 Bb4+ 4. Bd2 Qe7 5. Qc2 Bxd2+ 6. Nbxd2 d6 7. Rc1 {E11: Bogo-Indian.} O-O 8. e4 e5 9. c5 {The position is equal.} Bg4 10. d5 (10. Bb5 $11) 10... Nbd7 $15 11. b4 (11. cxd6 $15 cxd6 12. a3) 11... a5 $17 12. a3 axb4 13. axb4 Bxf3 {[#]} 14. Nxf3 $146 ({Predecessor:} 14. gxf3 dxc5 15. bxc5 Nh5 16. c6 bxc6 17. Qxc6 Ra7 18. Bb5 Rd8 19. Qc3 Nf8 20. Nc4 {0-1 (31) Jablanovic,Z (2240)-Lajthajm,B (2437) Kraljevo 2015}) 14... c6 ({Better is} 14... dxc5 $17 15. bxc5 Ra5) 15. dxc6 $11 bxc6 16. Be2 dxc5 {[%cal Bd6c5,Bc5b4,Bb4b3,Bb3b2][%mdl 32]} 17. O-O {Now White is beyond hope.} ({White should try} 17. bxc5 $15 Ra5 18. O-O) 17... cxb4 $19 18. Qxc6 Rab8 19. Rfd1 (19. Nd2 $17) 19... b3 {[#] Strongly threatening ...b2.} 20. Bd3 (20. Nd2 {might work better.}) 20... b2 21. Rc3 Rb6 22. Qc7 Rfb8 23. Bb1 h6 24. h3 R6b7 25. Qc6 Ra7 26. Nh4 g6 27. Rg3 Kh7 {...Nc5 is the strong threat.} 28. Qc4 Rb4 {Black is clearly winning.} 29. Qe2 Nh5 30. Rgd3 (30. Rf3 $142 Nf4 31. Qe1) 30... Nf4 31. Qe3 Rbb7 32. Nf3 Nxd3 33. Qxd3 Rc7 34. Qe3 Rab7 35. Kh2 Nb6 {Weighted Error Value: White=0.60/Black=0.20 (precise)} 0-1

[Event "New York Winter Invitational GM-B 2022"]
[Site "New York"]
[Date "2022.01.17"]
[Round "8.4"]
[White "Tsay, Vincent"]
[Black "Korley, Kassa"]
[Result "0-1"]
[WhiteElo "2295"]
[BlackElo "2394"]
[Annotator "TA"]
[PlyCount "176"]
[EventDate "2022.01.11"]
[EventType "tourn"]
[EventCountry "USA"]

{[%evp 14,176,16,0,0,0,0,0,0,-16,-15,-22,31,-30,-8,-6,-9,-4,-18,-4,2,9,9,17,51,40,66,38,34,61,42,-6,51,19,101,-28,-33,-45,0,0,-7,-89,-7,-43,-43,-131,-137,-136,-132,-141,-134,-137,-141,-142,-141,-141,-142,-145,-150,-157,-155,-156,-150,-132,-135,-145,-98,-99,-98,-98,-98,-98,-98,-116,-109,-114,-36,-52,-52,-99,-70,-80,-80,-80,-36,-36,-36,-36,-35,-36,-36,-36,-36,-36,-36,-41,-41,-81,-74,-198,-195,-195,-145,-145,-145,-145,-138,-145,0,-198,-198,-198,-198,-198,-198,-198,-198,-176,-145,-198,-198,-198,-198,-198,-198,-1143,-1150,-1145,-1141,-1091,-1084,-992,-964,-939,-818,-795,-647,-591,-468,-1525,-1295,-8134,-8186,-29972,-29973,-29974,-29975,-29975,-29975,-29976,-29977,-29977,-29978,-29978,-29979,-29979,-29978,-29978,-29977,-29983,-29984,-29986,-29987,-29986,-29986]} 1. d4 Nf6 2. Nf3 e6 {[%cal Be7e6,Be6e5][%mdl 32]} 3. g3 c5 4. Bg2 cxd4 5. Nxd4 d5 6. O-O e5 7. Nb3 Be6 8. Nc3 Be7 {D02: 1 d4 d5 2 Nf3 sidelines, including 2...Nf6 3 g3 and 2...Nf6 3 Bf4.} 9. f4 exf4 10. gxf4 {10.gxf4 scores better than 10.Bxf4.} g6 {The position is equal.} 11. Kh1 Nc6 12. Be3 {[#]} Qd7 $146 (12... O-O $11) ({Predecessor:} 12... O-O 13. Nd4 Ng4 14. Nxe6 fxe6 15. Bg1 Nh6 16. e4 dxe4 17. Nxe4 Qxd1 18. Raxd1 Rad8 {1-0 (36) Banusz,T (2621)-Papp,G (2582) Budapest 2019}) 13. Bg1 (13. Nc5 $14 Qc8 14. Bg1 (14. Bxd5 Bf5 $11) (14. Nxd5 Bxd5 15. Bxd5 Nxd5 $14)) 13... Rd8 14. Nd4 Bh3 15. Bxh3 $1 Qxh3 16. Qd3 Qd7 17. Rad1 O-O 18. f5 Ne5 19. Qg3 Nc4 20. b3 Nd6 21. Qg2 Nde4 22. Rd3 (22. Nxe4 $14 Nxe4 23. c4) 22... Kh8 (22... Nxc3 $11 23. Rxc3 Ne4 24. fxg6 fxg6) 23. Nxe4 Nxe4 (23... dxe4 $11 24. fxg6 fxg6) 24. Rh3 (24. c4 $1 $16) 24... Bf6 $11 25. Be3 Rde8 26. Qg4 {[%cal Oh3h7]} Re7 $1 27. Rff3 (27. Rg1 $11 {keeps the balance.} Rc8 28. fxg6 fxg6 29. Qxd7 Rxd7 30. Rxg6) 27... Bg7 (27... Rc8 $17) 28. Qh4 {[%csl Gh3][%cal Rh4h7]} h5 {Active counter play!} 29. f6 (29. c3 $15 Bf6 30. Qg4) 29... Nxf6 $1 $17 30. Rxf6 {[%cal Od4f5] Threatens to win with Nf5!} Re4 31. Rf4 Rxf4 {[%mdl 64] Overworked Piece} 32. Bxf4 {Rd3 is the strong threat.} Bxd4 33. Bd6 Qxd6 34. Qxd4+ {[%mdl 4096] Endgame KQR-KQR} Kg8 35. Qxa7 Qf4 36. Rf3 {To avoid Qf1+} Qc1+ 37. Kg2 Qxc2 38. Re3 Qd2 {aiming for ...d4.} 39. Re5 b5 ({Black should try} 39... Qf4 40. Qe3 Qxe3 41. Rxe3 Ra8) 40. Qc5 b4 $1 41. Qxd5 Qxa2 42. Re7 Qc2 43. h4 Qc3 44. Re4 Rc8 (44... Rb8 $17 45. Qd6 Rc8) 45. Rf4 Rc7 46. Qd6 (46. Qa8+ $15 {might be stronger.} Kh7 47. Qd5) 46... Qc2 47. Kf2 Rc8 $1 {To avoid Qd8+} 48. Qxb4 {[#]} Qc7 {Inhibits Qb7.} ({Don't play} 48... Re8 $6 49. Qc4 Qxc4 50. bxc4 $11) (48... Qc6 $1 $17 49. Rc4 Qf6+ 50. Rf4 Qe6) 49. Qd4 $15 Re8 50. b4 $1 Qe7 $36 {[%mdl 2048] Black is pushing.} 51. Qd3 Qe5 52. Qf3 Re7 53. Qa8+ Kh7 54. Qf3 Kg7 55. e3 Qc3 56. b5 (56. Qe2 $17) 56... Rd7 ({Worse is} 56... Qd2+ 57. Qe2 Qc3 58. Rd4 $17) 57. Kg3 Qe1+ ({Black should play} 57... Qb3 $19 58. Rd4 (58. Qe2 $2 Rd3 $19) 58... Qxb5) 58. Qf2 $17 Qb1 59. Qf1 Qb2 60. Qc4 Qa1 (60... Qe5 $17 61. Kf3 Rb7) 61. Qf1 $2 (61. Kf3 $11) 61... Qe5 $19 62. Qe2 Rb7 63. Qd3 Rxb5 64. Qd4 Qxd4 65. Rxd4 {KR-KR} Kf6 66. Rf4+ (66. Kf3 $17) 66... Ke6 {Hoping for ...Re5.} 67. Ra4 {[#]} f6 $1 68. Ra7 Kf5 69. Rh7 $2 (69. Ra8) 69... Re5 70. Kf3 Re4 71. Rb7 Rxh4 72. Rb5+ Ke6 73. Rb6+ Kf7 74. Rb7+ Kg8 75. e4 Rh1 76. e5 (76. Kf2 $142 Rh4 77. Rb8+ Kf7 78. Rb7+ Ke6 79. Rb6+ Ke5 80. Rb5+ Kd4 81. Kf3 Rh3+ 82. Kg2) 76... fxe5 77. Ke4 Rf1 {And now ...h4 would win.} 78. Kxe5 Rf7 {Black mates.} 79. Rb6 Kg7 80. Ke4 Kh6 81. Ke3 h4 {[%cal Bh5h4,Bh4h3][%mdl 32]} 82. Ke2 Kh5 83. Rb5+ g5 {[%cal Bg6g5,Bg5g4][%mdl 32]} 84. Rb3 Kg4 85. Rb4+ Rf4 86. Rb7 h3 87. Rh7 Kg3 88. Rh5 g4 {Weighted Error Value: White=0.19 (very precise) /Black=0.18 (very precise)} 0-1

[Event "New York Winter Invitational GM-B 2022"]
[Site "New York"]
[Date "2022.01.17"]
[Round "8.5"]
[White "Grinberg, Eyal"]
[Black "Tian, Eddy"]
[Result "1/2-1/2"]
[WhiteElo "2492"]
[BlackElo "2411"]
[Annotator "TA"]
[PlyCount "124"]
[EventDate "2022.01.11"]
[EventType "tourn"]
[EventCountry "USA"]
[SourceTitle "playchess.com"]
[Source "ChessBase"]
[SourceQuality "1"]

{[%evp 11,124,28,29,20,25,27,25,23,16,4,62,22,26,18,36,0,47,45,49,45,59,60,58,20,43,47,45,28,66,63,58,39,64,56,45,-43,-29,-33,-32,-48,-31,-76,-79,-77,-73,-61,-53,-48,-49,-43,-38,-40,-38,-49,0,0,14,2,4,-21,20,20,20,20,20,20,20,20,20,20,20,20,20,20,20,20,20,20,20,20,20,20,20,20,20,20,20,20,20,20,20,20,20,20,20,20,20,6,6,6,13,13,13,4,20,4,4,4,4,4,4,4,4,4,4]} 1. e4 c6 2. d4 d5 3. e5 Bf5 4. Nf3 e6 5. Be2 Ne7 6. O-O h6 7. Nbd2 {B12: Caro-Kann: Advance Variation.} Nd7 8. Nb3 g5 $1 {8...g5 is better than 8...Bh7.} 9. Ne1 {White has an edge.} Qc7 10. f4 {[#]} Rg8 $146 (10... c5 $11) ({Predecessor:} 10... c5 11. Nxc5 Nxc5 12. dxc5 Qxc5+ 13. Kh1 d4 14. Nd3 Qc7 15. fxg5 O-O-O 16. Bg4 Bxg4 17. Qxg4 {0-1 (32) Shirov,A (2636)-Nakamura,H (2763) Douglas 2018}) 11. Nf3 {[%cal Rf4g5]} c5 12. dxc5 Nc6 13. Kh1 gxf4 (13... Be4 $11 {was preferrable.}) 14. Bxf4 Nxc5 15. c3 Be4 16. Nbd4 $1 a6 17. Rf2 Nd7 18. Nxc6 bxc6 19. Bd3 {Strongly threatening Bxe4.} Qb6 20. Re2 Nc5 21. Bc2 a5 22. Be3 Qa6 23. Bxc5 (23. Rd2 $14) 23... Bxf3 $15 24. gxf3 Bxc5 25. Qd2 Ba7 26. Rf1 (26. Bh7 $15 Rg7 27. Rg2 (27. Bd3 Qb6 $15) 27... Rxg2 28. Kxg2) 26... Kd7 $17 {Threatens to win with ...Rg7.} 27. Bd3 Qb6 {[#] ( -> ...Rg1+)} 28. Rg2 {Prevents Rg1+.} Qe3 {Prevents Qf4.} 29. Qxe3 Bxe3 30. f4 {[%cal Bf3f4,Bf4f5][%mdl 32]} Rab8 {And now ...Rxg2 would win.} 31. b3 Rxg2 (31... Ke7 {seems wilder.} 32. Re2 Bb6 33. Rg2 h5 34. Rg3 h4) 32. Kxg2 $15 {[%mdl 4096] Endgame KRB-KRB} c5 (32... a4 $15 33. bxa4 Bd2) 33. Kf3 $11 {The position is equal.} d4 34. Bc4 Rg8 35. f5 Rg1 (35... exf5 $142 36. cxd4 cxd4) 36. cxd4 Rxf1+ 37. Bxf1 Bxd4 {KB-KB} 38. Ke4 exf5+ 39. Kxf5 Ke7 40. Bc4 Bg1 41. h3 {[%cal Bh2h3,Bh3h4,Bh4h5][%mdl 32]} Bd4 42. Ke4 Bf2 43. Kd5 Bd4 44. Bd3 Bb2 45. h4 Kf8 46. Kd6 Kg7 47. h5 Bc3 48. Ba6 Bb2 49. Bc8 Bc3 50. Bh3 Bb2 51. Bf1 Bc3 52. Bc4 Bb2 53. Be2 Bc3 54. e6 fxe6 55. Kxe6 Bb4 56. Bc4 Ba3 57. Kd6 Bb4 58. Kc6 Kf6 59. Kb5 Kg7 60. Ka4 Bc3 61. Be2 Kf6 62. Kb5 Bb4 {Weighted Error Value: White=0.08 (flawless) /Black=0.07 (flawless)} 1/2-1/2

[Event "New York Winter Invitational GM-B 2022"]
[Site "New York"]
[Date "2022.01.18"]
[Round "9.2"]
[White "Korley, Kassa"]
[Black "Grinberg, Eyal"]
[Result "1-0"]
[WhiteElo "2394"]
[BlackElo "2492"]
[Annotator "TA"]
[PlyCount "91"]
[EventDate "2022.01.11"]
[EventType "tourn"]
[EventCountry "USA"]
[SourceTitle "playchess.com"]
[Source "ChessBase"]
[SourceQuality "1"]

{[%evp 9,91,12,8,11,30,23,39,10,24,-1,60,52,59,64,61,41,45,42,50,25,35,28,33,30,35,30,26,27,31,25,54,49,58,50,64,54,62,56,88,73,104,114,127,97,97,80,102,89,103,74,257,257,281,289,285,291,456,450,670,620,1649,1643,1604,1017,1685,1429,1485,1656,1289,1520,1432,1348,1398,1383,29994,29995,29995,29996,29996,29996,29996,29997,29997,318]} 1. d4 d5 2. c4 c6 3. Nf3 Nf6 4. g3 Bf5 5. Nc3 e6 6. Nh4 {D11: Slav Defence: 3 Nf3 sidelines and 3...Nf6 4 e3 Bg4.} Bg4 7. h3 Bh5 8. Qb3 $1 {[%mdl 4] White is slightly better. is more profitable than 8.g4 at the moment.} Qb6 9. c5 Qc7 (9... Qxb3 $11 10. axb3 Be7) 10. Bf4 $14 Qc8 11. g4 Bg6 12. Nxg6 hxg6 13. Bg2 Be7 {[#]} 14. e4 $146 ({Predecessor:} 14. Qc2 Nbd7 15. Bf3 Bd8 16. Bd6 Bc7 17. g5 Nh7 18. h4 Bxd6 19. cxd6 Qb8 20. Qb3 {1-0 (62) Sethuraman,S (2633)-Yeoh,L (2470) Chengdu 2017}) 14... dxe4 15. Bh2 g5 16. Nxe4 Nxe4 17. Bxe4 Nd7 18. O-O-O Nf6 19. Bg2 Nd5 20. Bxd5 cxd5 21. Kb1 $1 Qc6 22. f4 gxf4 23. Bxf4 {[%cal Oh3h4]} Kd7 24. Rd3 {[%cal Bd1d3,Bd3c3,Bc3c1][%mdl 32]} Rh7 25. Rc1 {[%cal Bh1c1,Bc1c3,Bc3b3][%mdl 32]} Rah8 26. Rcc3 Bd8 27. Qa3 {To avoid Ba5} a6 28. Rb3 {Rdc3 is the strong threat.} f6 29. Rdc3 {[%cal Ob3b7] Hoping for Rxb7+! White is much more active.} g5 $2 {[#] This move loses the game for Black.} (29... Ke8 $16) 30. Rxb7+ $1 $18 {[%mdl 512]} Ke8 (30... Qxb7 31. c6+) 31. Rxh7 {Chess con chili.} Rxh7 32. Bd6 Qb5 (32... a5 $142 33. Rb3 Bc7 34. Bxc7 Qxc7) 33. Rc1 Bc7 (33... Qc6 $142 34. Qd3 Rg7) 34. c6 Qe2 35. Bxc7 Rxc7 {[%mdl 4096] Endgame KQR-KQR} 36. Qd6 Qe4+ 37. Ka1 Qf4 38. Qxe6+ Kf8 39. Re1 Kg7 40. Qxd5 Qd2 41. Qe4 Rxc6 42. Qe7+ {White mates.} Kh6 43. Qf8+ Kg6 44. Qg8+ Kh6 45. Qh8+ Kg6 46. Qh5+ {Weighted Error Value: White=0.07 (flawless) /Black=0.63} 1-0

[Event "New York Winter Invitational GM-B 2022"]
[Site "New York"]
[Date "2022.01.18"]
[Round "9.3"]
[White "Martinez Alcantara, Jose Eduardo"]
[Black "Tsay, Vincent"]
[Result "1/2-1/2"]
[WhiteElo "2615"]
[BlackElo "2295"]
[Annotator "TA"]
[PlyCount "79"]
[EventDate "2022.01.11"]
[EventType "tourn"]
[EventCountry "USA"]
[SourceTitle "playchess.com"]
[Source "ChessBase"]
[SourceQuality "1"]

{[%evp 20,79,7,0,27,31,24,28,38,26,27,27,18,21,30,15,14,21,14,14,14,15,11,24,24,16,18,16,15,0,0,0,0,-8,0,-8,-8,-8,-4,-15,0,-8,0,0,-6,-18,-3,-4,0,-20,0,0,0,0,0,0,0,0,0,0,0,-137]} 1. e4 e6 2. d4 d5 3. Nc3 Nf6 4. e5 Nfd7 5. f4 c5 6. Nf3 Nc6 7. Be3 cxd4 8. Nxd4 Qb6 9. Qd2 Qxb2 10. Rb1 Qa3 11. Bb5 $1 {[#] Black must now prevent Rb3.} Nxd4 {C11: French: Classical System: 4 e5 and 4 Bg5 dxe4.} 12. Bxd4 {[%cal Of4f5]} ({Much weaker is} 12. Qxd4 a6 13. Bxd7+ Bxd7 14. Rxb7 Rc8 $17) 12... a6 13. Bxd7+ Bxd7 {White has an edge.} 14. Rb3 Qe7 15. Rxb7 Rc8 16. O-O {Threatens to win with Kh1.} Qd8 17. Qf2 Rxc3 18. Bxc3 Qc8 {[%csl LRb7,LRc3]} 19. Rb3 {[#] aiming for Bd4.} Ba4 20. Bd4 {Hoping for Rc3.} Bxb3 21. axb3 {[%cal Ba2b3,Bb3b4][%mdl 32]} Be7 22. c3 O-O {The position is equal.} 23. b4 Qc6 {[#]} 24. Qe2 $146 ({Predecessor:} 24. Ra1 Bd8 25. h4 Bc7 26. h5 h6 27. g4 Bd8 28. Kg2 Be7 29. Ra2 Ra8 30. Qc2 {½-½ (58) Biedermann,T (2485)-Bernal Varela,N (2411) ICCF email 2019}) 24... Ra8 25. Ra1 Bd8 26. Kf1 Qb7 27. b5 axb5 28. Rxa8 Qxa8 29. Qxb5 {[%cal Rb5e8]} Be7 30. Qd7 Bf8 31. Ba7 g6 32. Kf2 $1 Ba3 33. g4 Qf8 34. Kg3 Bc5 35. Bxc5 Qxc5 36. Qd8+ Kg7 37. Qf6+ Kg8 38. Qd8+ Kg7 39. Qf6+ Kg8 40. Kf3 {Weighted Error Value: White=0.03 (flawless) /Black=0.04 (flawless)} (40. Qd8+ $11 Kg7) 1/2-1/2

[Event "New York Winter Invitational GM-B 2022"]
[Site "New York"]
[Date "2022.01.18"]
[Round "9.4"]
[White "Jacobson, Brandon"]
[Black "Mandizha, Farai"]
[Result "1-0"]
[WhiteElo "2530"]
[BlackElo "2377"]
[Annotator "TA"]
[PlyCount "61"]
[EventDate "2022.01.11"]
[EventType "tourn"]
[EventCountry "USA"]
[SourceTitle "playchess.com"]
[Source "ChessBase"]
[SourceQuality "1"]

{[%evp 12,61,12,0,25,33,110,116,183,181,318,334,330,319,356,360,361,367,345,341,327,338,366,322,351,346,365,371,361,368,428,418,759,485,537,523,648,647,712,719,699,700,757,817,803,792,916,919,1235,1207,1137,1104]} 1. d4 Nf6 2. c4 e6 3. Nf3 d5 4. g3 Bb4+ 5. Nbd2 O-O 6. Bg2 dxc4 7. Qc2 a6 {E04: Open Catalan: 5 Nf3.} 8. Qxc4 {[#]} c5 $146 ({Black should try} 8... Be7 $14) ({Predecessor:} 8... Be7 9. Qc2 Nc6 10. e3 Nb4 11. Qb1 c5 12. a3 Nc6 13. dxc5 Bxc5 14. b4 Be7 15. Bb2 {½-½ (31) Matlakov,M (2700)-Blesic,V (2390) Caleta 2019}) 9. dxc5 $16 Qa5 (9... Bxd2+ $16 10. Bxd2 Bd7) 10. a3 $18 Bxc5 (10... Nc6 $142) 11. b4 Bxf2+ 12. Kxf2 Qh5 13. h3 Nbd7 14. g4 Qg6 15. Qd3 Qxd3 16. exd3 Rd8 17. Ne4 Nd5 18. Bd2 N7b6 19. a4 {[%cal Ba3a4,Ba4a5][%mdl 32]} Bd7 20. Nc5 Bc6 21. Ne5 Rd6 (21... Ne7 $142 22. Nxc6 bxc6) 22. a5 {White is clearly winning.} Nc8 23. Rhc1 Nce7 24. b5 axb5 25. a6 bxa6 26. Ne4 f6 27. Nxd6 fxe5 28. Bg5 Rf8+ 29. Kg1 Bd7 30. Bxe7 Nxe7 31. Rc7 {White took control after the opening.  Weighted Error Value: White=0.18 (very precise) /Black=0.46} 1-0